000
00342nam a2200133Ia 4500
008
231129s2004||||xx |||||||||||||| ||spa||
020
_a
84-95353-66-0
040
_b
spa
082
_a
371.397 J91
245
0
_a
Juegos en la educación física
260
_c
2004
264
_a
Limusa
942
_2
ddc
_c
BKS
999
_c
16244
_d
16244